[Event "AUTO-OPEN-4601"]
[Site "http://www.queenalice.com/game.php?id=1871321"]
[Date "2026.4.2"]
[Round "2"]
[White "chessman"]
[Black "BeatifulDevil56"]
[Result "0-1"]
[WhiteElo "2107"]
[BlackElo "2239"]

1. e4 Nc6 2. d4 d5 3. e5 e6 4. c3 Bd7 5. f4 Nce7 6. Nf3 Ng6 7. Bd3 Be7 8. O-O f5
9. a3 c5 10. Be3 c4 11. Bc2 b5 12. Nbd2 a5 13. g3 b4 14. Ba4 b3 15. Bxd7+ Qxd7
16. Kg2 Bd8 17. Kh1 N8e7 18. Rg1 a4 19. g4 fxg4 20. Rxg4 O-O 21. Qe2 Nf5 22.
Rag1 Ra7 23. Ng5 Bxg5 24. Rxg5 Nxe3 25. Qxe3 Nxf4 26. Rf1 Nd3 27. Rb1 Qe8 28.
Nf3 h6 29. Rg3 Qh5 0-1

[Event "AUTO-OPEN-4601"]
[Site "http://www.queenalice.com/game.php?id=1871329"]
[Date "2026.4.2"]
[Round "2"]
[White "Carlos19"]
[Black "BeatifulDevil56"]
[Result "0-1"]
[WhiteElo "1777"]
[BlackElo "2227"]

1. e4 e6 2. Bc4 d5 3. exd5 exd5 4. Bd3 Qg5 5. g3 Qe7+ 6. Ne2 Bg4 7. h3 Be6 8.
Nbc3 Nf6 9. g4 g5 10. f3 c5 11. Bb5+ Bd7 12. Bxd7+ Nbxd7 13. O-O O-O-O 14. d4 h6
15. Re1 Qd6 16. a3 a6 17. dxc5 Qxc5+ 18. Nd4 Qc7 19. Rf1 Qg3+ 20. Kh1 Qxh3+ 21.
Kg1 Bd6 22. Rf2 h5 23. Rg2 hxg4 24. fxg4 Bg3 25. Kf1 Nxg4 26. Bxg5 Nh2+ 27. Kg1
Nf3+ 28. Kf1 Qh1+ 29. Ke2 Qxg2+ 30. Ke3 Qf2+ 31. Kd3 Nde5# 0-1

[Event "AUTO-OPEN-4601"]
[Site "http://www.queenalice.com/game.php?id=1871330"]
[Date "2026.4.2"]
[Round "2"]
[White "BeatifulDevil56"]
[Black "Carlos19"]
[Result "1-0"]
[WhiteElo "2229"]
[BlackElo "1787"]

1. Nf3 Nc6 2. c4 e5 3. e4 Bc5 4. Nc3 d6 5. a3 Nf6 6. h3 h6 7. b4 Bb6 8. Qa4 Bd7
9. b5 Nd4 10. Bd3 Nxf3+ 11. gxf3 Nh5 12. Bb2 Nf4 13. Qc2 Nxh3 14. Bf1 Nxf2 15.
Rh2 Nxe4 16. Qxe4 Bc8 17. Nd5 f6 18. Nxb6 axb6 19. Qg6+ Kf8 20. d4 exd4 21. Bxd4
c5 22. Be3 Qe7 23. Re2 Qf7 24. Qd3 Qd7 25. Bf4 g5 26. Bxd6+ Kg7 27. Re7+ Kg8 28.
Rxd7 Bxd7 29. Qg6# 1-0

[Event "AUTO-MASTER-3291"]
[Site "http://www.queenalice.com/game.php?id=1871877"]
[Date "2026.4.13"]
[Round "2"]
[White "BeatifulDevil56"]
[Black "pizzaiolo72"]
[Result "1-0"]
[WhiteElo "2231"]
[BlackElo "2102"]

1. e4 Nf6 2. d4 Nxe4 3. Qf3 d5 4. Nc3 Nxc3 5. Qxc3 e6 6. Be3 Nc6 7. Qd2 Be7 8.
c3 Bf6 9. Nf3 e5 10. Bb5 Bd7 11. Nxe5 Nxe5 12. dxe5 Bxe5 13. Qxd5 Bf6 14. Qe4+
Be7 15. O-O-O c6 16. Rd3 Qa5 17. Rxd7 Kxd7 18. Rd1+ Ke8 19. Ba4 Rd8 20. Re1 Qd5
21. Qf4 g5 22. Qc7 Qd7 23. Qe5 Rg8 24. Bc5 Qe6 25. Bxe7 Kxe7 26. Qc7+ Kf6 27.
Rxe6+ fxe6 28. Qxb7 Rg7 29. Qxc6 h5 30. Qf3+ 1-0

[Event "AUTO-MASTER-3291"]
[Site "http://www.queenalice.com/game.php?id=1871879"]
[Date "2026.4.13"]
[Round "2"]
[White "BeatifulDevil56"]
[Black "cerenzo72"]
[Result "1-0"]
[WhiteElo "2250"]
[BlackElo "2161"]

1. Nf3 Nf6 2. c4 d6 3. Nc3 e5 4. e4 Nc6 5. d4 exd4 6. Nxd4 Nxd4 7. Qxd4 Be7 8.
h3 O-O 9. Be3 b6 10. g4 c5 11. Qd3 Bb7 12. g5 Nd7 13. O-O-O Ne5 14. Qe2 Bxg5 15.
f4 Nxc4 16. fxg5 Nxe3 17. Qxe3 Qe7 18. Bg2 Rad8 19. Nd5 Qe6 20. Rhf1 Bxd5 21.
Rxd5 Rfe8 22. Qd2 g6 23. e5 Rd7 24. Rf6 Qe7 25. Rdxd6 Rxd6 26. exd6 Qd7 27. Bd5
Rf8 28. Qe2 Kg7 29. Qe5 Kg8 30. Qe7 1-0